[Event "Challenge"]
[Site "http://www.queenalice.com/game.php?id=798044"]
[Date "2010.7.3"]
[Round "-"]
[White "CHESSKING5"]
[Black "shatranj"]
[Result "0-1"]
[WhiteElo "1312"]
[BlackElo "1078"]

1. e4 e5 2. d3 Nc6 3. h4 Bc5 4. Bg5 f6 5. Be3 d6 6. a3 Be6 7. b4 Bb6 8. a4 Nxb4
9. Bd2 Bd4 10. Ra3 Ne7 11. Bxb4 Nc6 12. Be2 Nxb4 13. Bh5+ g6 14. Be2 f5 15. Qd2
c5 16. Qh6 Nxc2+ 17. Kd1 Qb6 18. Qg7 O-O-O 19. Kxc2 Qb2+ 20. Kd1 Qxb1+ 21. Kd2
Qb2+ 22. Kd1 Qxa3 23. exf5 Bb3+ 24. Kd2 Qb2+ 25. Ke1 Qc1+ 26. Bd1 Qxd1# 0-1

[Event "Challenge"]
[Site "http://www.queenalice.com/game.php?id=798161"]
[Date "2010.7.3"]
[Round "-"]
[White "CHESSKING5"]
[Black "peaceman"]
[Result "1/2-1/2"]
[WhiteElo "1312"]
[BlackElo "1319"]

1. e4 e5 2. d3 d6 3. a3 g5 4. h4 gxh4 5. Rxh4 Qxh4 6. g3 Qh1 7. Nf3 Bh3 8. Nfd2
Be7 9. Nc3 Nc6 10. Nb5 Bd8 11. Qh5 Nf6 12. Qxh3 Qxh3 13. Bxh3 a6 14. Nc3 h5 15.
Nd5 Na5 16. Nc4 Nc6 17. Bg5 Nd7 18. Bxd8 Rxd8 19. Nxc7+ Ke7 20. Nd5+ Kf8 21.
Nxd6 Nd4 22. Rc1 Nc5 23. Nc4 b5 24. Nxe5 Nd7 25. Bxd7 f6 26. Ng6+ Kg7 27. Nde7
Rh6 28. Bf5 Nf3+ 29. Ke2 Nd4+ 30. Kd1 h4 31. gxh4 Re8 32. Bd7 Rb8 33. Nf4 Kf7
34. Ned5 Rxh4 35. c3 Ne6 36. Nxe6 Rb7 37. Nc5 Rb8 38. Nxa6 Rd8 39. Bxb5 Rh1+ 40.
Kc2 Rh2 41. Nc5 Rxf2+ 42. Kb3 Rf3 43. a4 Rf4 44. Nxf4 Rc8 45. Na6 Ke7 46. Nd5+
Ke6 47. Nb6 Rg8 48. Bc4+ Kd6 49. Bxg8 Kc6 50. a5 Kb5 51. Nc7+ Kxa5 52. Nd7 f5
53. exf5 1/2-1/2

[Event "Challenge"]
[Site "http://www.queenalice.com/game.php?id=798546"]
[Date "2010.7.4"]
[Round "-"]
[White "CHESSKING5"]
[Black "Natedawg"]
[Result "1-0"]
[WhiteElo "1312"]
[BlackElo "1225"]

1. d4 d5 2. b3 Nc6 3. c4 dxc4 4. bxc4 Nxd4 5. e3 Nc6 6. a3 Bd7 7. Ra2 e5 8. Rd2
Nf6 9. Rd3 e4 10. Rb3 Na5 11. Rc3 c5 12. f3 Bd6 13. fxe4 Nxe4 14. Rd3 Nxc4 15.
Rb3 Be6 16. Rxb7 O-O 17. Qa4 Qh4+ 18. g3 Bxg3+ 19. hxg3 Qxh1 20. Qc6 Qxg1 21.
Qxe4 Bh3 22. Qxc4 Rad8 23. Nc3 Qxf1+ 24. Qxf1 1-0

[Event "Challenge"]
[Site "http://www.queenalice.com/game.php?id=809484"]
[Date "2010.7.27"]
[Round "-"]
[White "CHESSKING5"]
[Black "kingmartinIII"]
[Result "1-0"]
[WhiteElo "1325"]
[BlackElo "1429"]

1. e4 e5 2. Qh5 g6 3. Qxe5+ Qe7 4. Qxh8 Nh6 5. Qxh7 Ng4 6. Be2 Ne5 7. Nh3 Nbc6
8. f4 f5 9. Qh8 Nf7 10. Qh7 d6 11. Qxg6 Qxe4 12. d3 Qe7 13. Ng5 Nd4 14. O-O Bd7
15. c3 Nc2 16. g4 O-O-O 17. gxf5 d5 18. Nxf7 Be8 19. Nxd8 Bxg6 20. fxg6 Qxd8 21.
f5 Nxa1 22. f6 Nc2 23. g7 Bxg7 24. fxg7 Qg8 25. Rf8+ Qxf8 26. gxf8=Q+ Kd7 27.
Qf6 b6 28. Bg4+ Ke8 29. Qe6+ Kf8 30. Bh6# 1-0

[Event "Challenge"]
[Site "http://www.queenalice.com/game.php?id=812821"]
[Date "2010.8.3"]
[Round "-"]
[White "CHESSKING5"]
[Black "GBS"]
[Result "0-1"]
[WhiteElo "1327"]
[BlackElo "1275"]

1. e4 e5 2. Nc3 Nf6 3. Bc4 Bc5 4. Nf3 d6 5. O-O Nc6 6. Ng5 Bg4 7. Qe1 Bh5 8. h3
h6 9. Nf3 Bxf3 10. gxf3 Nd4 11. Qd1 Qd7 12. Kh2 Nh7 13. Rg1 g6 14. Bb5 c6 15.
Ba4 Ng5 16. Rg3 f5 17. exf5 gxf5 18. h4 f4 19. Rg2 Ngxf3+ 20. Kh1 Qh3+ 21. Rh2
Qxh2# 0-1

[Event "Challenge"]
[Site "http://www.queenalice.com/game.php?id=817811"]
[Date "2010.8.13"]
[Round "-"]
[White "Filipon_El_Bigodon"]
[Black "CHESSKING5"]
[Result "1-0"]
[WhiteElo "1597"]
[BlackElo "1308"]

1. e4 e5 2. Nf3 Nc6 3. d4 d6 4. d5 Nb4 5. a3 Na6 6. Bc4 Nc5 7. b4 Nxe4 8. O-O
Bd7 9. Nbd2 Ngf6 10. Bd3 Nc3 11. Qe1 Ncxd5 12. c4 Nf4 13. Nb3 Nxd3 14. Qe2 Bf5
15. Ne1 Nxe1 16. Rxe1 Bd7 17. Bg5 Be7 18. Rf1 Ng4 19. h3 h6 20. Bxe7 Qxe7 21.
hxg4 g5 22. a4 a6 23. b5 axb5 24. axb5 Rxa1 25. Rxa1 c6 26. Ra8+ Bc8 27. Rxc8+
Kd7 28. Rxh8 Qf6 29. Ra8 Qe6 30. f4 gxf4 31. c5 Qxb3 32. Qd2 d5 33. Qa5 Qe3+ 34.
Kf1 cxb5 35. Rd8+ Ke6 36. Qb6+ 1-0

[Event "Challenge"]
[Site "http://www.queenalice.com/game.php?id=818193"]
[Date "2010.8.14"]
[Round "-"]
[White "Veve"]
[Black "CHESSKING5"]
[Result "0-1"]
[WhiteElo "1226"]
[BlackElo "1314"]

1. e4 e5 2. g3 Nf6 3. f3 d5 4. Bd3 d4 5. a4 a5 6. b3 Nc6 7. h3 Nh5 8. g4 Ng3 9.
Rh2 Nb4 10. Bb5+ c6 11. Bc4 g5 12. Rg2 Nxe4 13. fxe4 Bg7 14. Nf3 Rb8 15. d3 O-O
16. Na3 Re8 17. Bxg5 Bf6 18. h4 Bxg5 19. hxg5 Bd7 20. Qe2 Qc8 21. Qf1 Bxg4 22.
Nd2 Bh3 23. Kf2 Bxg2 24. Qxg2 Qd8 25. Rh1 Kh8 26. Qh2 Kg8 27. Qxh7+ Kf8 28. Bxf7
Qf6+ 29. Kg3 Qxf7 30. Qh8+ Ke7 31. Qh4 Rf8 32. Rf1 Qe6 33. Rh1 Qf7 34. Ndc4 Qf3+
35. Kh2 Rh8 36. Kg1 Rxh4 37. Rxh4 Qg3+ 38. Kf1 Rf8+ 39. Ke2 Rf2+ 40. Kd1 Qg1#
0-1

[Event "Let's Play Chess!"]
[Site "http://www.queenalice.com/game.php?id=819660"]
[Date "2010.8.17"]
[Round "-"]
[White "CHESSKING5"]
[Black "mike52"]
[Result "0-1"]
[WhiteElo "1327"]
[BlackElo "1394"]

1. e4 a6 2. d4 h6 3. Nc3 e6 4. f4 Bb4 5. a3 Bxc3+ 6. bxc3 d5 7. e5 Bd7 8. Rb1
Ne7 9. Rxb7 Nbc6 10. Rb3 Nf5 11. g4 Nfe7 12. Nf3 Na5 13. Rb2 Nc4 14. Bxc4 dxc4
15. O-O Bc6 16. Rb4 Bb5 17. Nd2 Nc6 18. Rb1 O-O 19. Qe2 Qh4 20. Ra1 Qh3 21. Ne4
Ne7 22. Nc5 Qxc3 23. Bd2 Qxd4+ 24. Kg2 Qd5+ 25. Kg3 Qxc5 26. Rg1 c3 27. Be1 Bxe2
28. Rg2 Qe3+ 29. Kh4 Ng6+ 30. Kh5 Qh3+ 31. Bh4 Qxh4# 0-1

[Event "Let's Play Chess!"]
[Site "http://www.queenalice.com/game.php?id=819661"]
[Date "2010.8.17"]
[Round "-"]
[White "mike52"]
[Black "CHESSKING5"]
[Result "1-0"]
[WhiteElo "1421"]
[BlackElo "1326"]

1. g4 d5 2. g5 e6 3. h4 f6 4. d3 f5 5. Nf3 Nc6 6. d4 h5 7. e3 a5 8. Bb5 Bd7 9.
Bxc6 Bxc6 10. Ne5 Be7 11. a3 Bd6 12. Nxc6 bxc6 13. Bd2 Ne7 14. Nc3 Rb8 15. Na4
g6 16. b3 Ng8 17. Bxa5 Ra8 18. b4 Ne7 19. Nc5 Rb8 20. Nb3 O-O 21. Nc5 Bxc5 22.
bxc5 Rb5 23. Bb4 Nc8 24. f4 Na7 25. O-O Rb7 26. c3 Nb5 27. Qd2 Ra7 28. Qb2 Qa8
29. a4 Rxa4 30. Rxa4 Qxa4 31. Ra1 Qxa1+ 32. Qxa1 Rb8 33. Qa2 Rb7 34. Qa8+ Kg7
35. Qxb7 Na3 36. Bxa3 Kf7 37. Qxc7+ Ke8 38. Qxc6+ Kd8 39. Qxe6 Kc7 40. Qxd5 Kb8
41. c6 Ka7 42. c7 Ka6 43. c8=Q+ Kb6 44. Qdc5# 1-0

[Event "Let's Play Chess!"]
[Site "http://www.queenalice.com/game.php?id=819662"]
[Date "2010.8.17"]
[Round "-"]
[White "CHESSKING5"]
[Black "killaredwolfman"]
[Result "0-1"]
[WhiteElo "1325"]
[BlackElo "1417"]

1. e4 e5 2. Nf3 Nc6 3. Nc3 Bc5 4. Bc4 h6 5. h3 Nf6 6. d3 O-O 7. O-O Nd4 8. Nxe5
d6 9. Ng4 c6 10. Qf3 Nxf3+ 11. gxf3 Bxg4 12. hxg4 d5 13. Bb3 h5 14. g5 Bd6 15.
exd5 Qd7 16. dxc6 Qh3 17. cxb7 Qh2# 0-1

[Event "Challenge"]
[Site "http://www.queenalice.com/game.php?id=822649"]
[Date "2010.8.24"]
[Round "-"]
[White "CHESSKING5"]
[Black "menzo"]
[Result "0-1"]
[WhiteElo "1304"]
[BlackElo "1118"]

1. e4 e5 2. Bc4 Be7 3. Qf3 Nf6 4. Qh5 Nxh5 5. Be2 g6 6. Nf3 f6 7. g4 Nf4 8. Bc4
Ng2+ 9. Kd1 Bc5 10. Rg1 Nf4 11. d3 Bxf2 12. Rf1 Bc5 13. Nh4 Nc6 14. Bxf4 g5 15.
Ng2 gxf4 16. Nc3 Rg8 17. h3 Nd4 18. Bxg8 b5 19. Nd5 b4 20. b3 c6 21. Ndxf4 exf4
22. Nxf4 Ba6 23. h4 Bd6 24. h5 c5 25. Nd5 h6 26. Nxf6+ Ke7 27. Nh7 Qxg8 28. Nf6
Qe6 29. Nh7 Qxg4+ 30. Ke1 Nxc2+ 31. Kf2 Qg3+ 0-1

[Event "Game II...I will personally thra"]
[Site "http://www.queenalice.com/game.php?id=823104"]
[Date "2010.8.25"]
[Round "-"]
[White "peaceman"]
[Black "CHESSKING5"]
[Result "1-0"]
[WhiteElo "1302"]
[BlackElo "1345"]

1. e4 e5 2. Nf3 Nf6 3. b3 Bc5 4. Nc3 b6 5. Nxe5 Bb7 6. a4 Nxe4 7. f3 Nf2 8. Qe2
Nxh1 9. Qe4 Bxe4 10. fxe4 Qf6 11. Ng4 Qh4+ 12. Nf2 Nxf2 13. Nd5 Qxe4+ 14. Ne3
Qh4 15. Nf5 Qxh2 16. c3 g6 17. d4 Qg1 18. Be3 Bxd4 19. Bxd4 O-O 20. Ne7# 1-0

[Event "Challenge"]
[Site "http://www.queenalice.com/game.php?id=838691"]
[Date "2010.9.27"]
[Round "-"]
[White "Petrucio"]
[Black "CHESSKING5"]
[Result "1-0"]
[WhiteElo "1392"]
[BlackElo "1321"]

1. e4 e5 2. Qh5 Nc6 3. Bc4 g6 4. Qf3 Qe7 5. Na3 Nd4 6. Qc3 Qh4 7. g3 Qxe4+ 8.
Qe3 Qxh1 9. Qxe5+ Ne7 10. Kf1 Bg7 11. Qxg7 Rf8 12. c3 Ndf5 13. Qe5 d6 14. Qf6
Qxh2 15. Bb5+ 1-0